000 00427nam a2200181Ia 4500
001 25427
005 20260414151149.0
008 260414t2012||||xx |||||||||||||| ||spa||
041 _aESP
082 _a346.5
_bP85
100 _aPrévot, Juan Manuel
_eAUT
245 0 _aLa obligación de seguridad
_b
260 _c2012
300 _a366 páginas :
_c23 cm.
650 _aDER
654 _aCDE
942 _cLIB
_dJUS
_fJUS
_2ddc
_n
999 _c25427
_d25427